| 000 | 01476nam a22003011i 4500 | ||
|---|---|---|---|
| 003 | SA-RiAUC | ||
| 005 | 20241103131302.0 | ||
| 008 | 241101q19001999||| g 00000 ara c | ||
| 040 |
_aSA-RiAUC _bara _cSA-RiAUC _erda |
||
| 082 | 0 | 4 | _a258.3 |
| 090 |
_a258.3 _b ا ب ن ح |
||
| 100 | 1 |
_aابن حجر الهيتمي، أحمد بن محمد بن علي، _d909-974 هجري _eمؤلف. |
|
| 245 | 1 | 0 |
_aحواشي الشيخ عبد الحميد الشرواني والشيخ أحمد بن قاسم العبادي على تحفة المحتاج بشرح المنهاج / _cشهاب الدين أحمد بن حجر الهيثمى. بهامشه تحفة المحتاج بشرح المنهاج. |
| 264 | 1 |
_a[مكان النشر غير محدد] : _bدار الفكر، _c[بين 1900 و1999] |
|
| 300 |
_a10 مجلد ؛ _c26 سم |
||
| 336 |
_aنص _btxt _2rdacontent _3كتاب |
||
| 337 |
_aبدون وسيط _bn _2rdamedia |
||
| 338 |
_aمجلد _bnc _2rdacarrier |
||
| 650 | 7 |
_aالفقه الشافعي _2aucsh |
|
| 650 | 7 |
_aالفقه الإسلامي _xمذاهب _2aucsh |
|
| 700 | 1 | 2 | _aالشرواني، عبد الحميد |
| 700 | 1 | 2 |
_aابن قاسم، أحمد بن قاسم الصباغ، _dتوفي 992 هجري |
| 740 | 0 | 2 | _aتحفة المحتاج بشرح المنهاج. |
| 740 | 0 | 2 | _aحواشي على تحفة المحتاج بشرح المنهاج. |
| 740 | 2 | _aالمنهاج. | |
| 942 |
_2ddc _cBOOK _n0 |
||
| 949 |
_aSA-JeALM _d241101 _umohamedma123 _n1 |
||
| 999 |
_c2000 _d2000 |
||